000 00334nam a2200133Ia 4500
008 190216s9999||||xx |||||||||||||| ||und||
100 _aKrishna Kumar.S
245 0 _aSmall Scale Industries Development In India
250 _a2nd Ed.
260 _bKerala Bhasha Institute
_c1975
300 _a94
650 _aEconomics
942 _cBK
999 _c40405
_d40405